000 00584nam a22001937a 4500
005 20251108171020.0
008 250721s1997 xx 000 0 ara d
082 1 4 _a370.78/احم
100 1 _aالخطيب، أحمد
245 1 0 _aدليل البحث والتقويم التربوي /
264 1 _aعمان :
_bدار المستقبل للنشر والتوزيع،
_c1997.
300 _a201ص
650 1 7 _aالأبحاث
650 1 7 _aالتقييم
650 1 7 _aالأبحاث التربوية
700 1 _aالفرح، وجيه
942 _2ddc
_cBK
999 _c54425
_d54425